Catálogo público

Alimentación práctica de bovinos (Record no. 24350)

MARC details
000 -CABECERA
campo de control de longitud fija 01289nam a22003377a 4500
003 - IDENTIFICADOR DEL NÚMERO DE CONTROL
campo de control CHAP
005 - FECHA Y HORA DE LA ÚLTIMA TRANSACCIÓN
campo de control 20220329134709.0
008 - DATOS DE LONGITUD FIJA--INFORMACIÓN GENERAL
campo de control de longitud fija 971013s1984 r 00010 d
010 ## - NÚMERO DE CONTROL DE LA BIBLIOTECA DEL CONGRESO
Número de control de LC 24350
011 ## - ENLACE DEL NUMERO DE CONTROL DE LA BIBLIOTECA DEL CONGRESO [OBSOLETO]
Número de control de LC 25322
035 ## - NÚMERO DE CONTROL DEL SISTEMA
Número de control de sistema 29422
040 ## - FUENTE DE LA CATALOGACIÓN
Centro/agencia transcriptor CHAP
082 ## - NÚMERO DE LA CLASIFICACIÓN DECIMAL DEWEY
Número de clasificación 636.2084
Número de documento/Ítem I5Y 1981
110 ## - ENTRADA PRINCIPAL--NOMBRE DE ENTIDAD CORPORATIVA
Nombre de entidad corporativa o nombre de jurisdicción como elemento de entrada Institut National de la Recherche Agronomique. Paris
9 (RLIN) 59005
245 ## - MENCIÓN DE TÍTULO
Título Alimentación práctica de bovinos
Resto del título : nuevas recomendaciones del INRA para formular raciones
260 ## - PUBLICACIÓN, DISTRIBUCIÓN, ETC.
Lugar de publicación, distribución, etc. Madrid :
Nombre del editor, distribuidor, etc. Mundi-Prensa,
Fecha de publicación, distribución, etc. 1984
300 ## - DESCRIPCIÓN FÍSICA
Extensión 172 p
500 ## - NOTA GENERAL
Nota general Trad. de la 2 ed. en Francés de 1981
590 ## - NOTA LOCAL (RLIN)
Nota local BATCH-UPD
Procedencia (VM) [OBSOLETO] 10
Condición del los carretes individuales (VM) [OBSOLETO] 20130110
-- UCH01
-- 1726
590 ## - NOTA LOCAL (RLIN)
Nota local BATCH-UPD
Procedencia (VM) [OBSOLETO] 10
Condición del los carretes individuales (VM) [OBSOLETO] 20130410
-- UCH01
-- 1108
590 ## - NOTA LOCAL (RLIN)
Nota local BATCH-UPD
Procedencia (VM) [OBSOLETO] 10
Condición del los carretes individuales (VM) [OBSOLETO] 20130914
-- UCH01
-- 1430
590 ## - NOTA LOCAL (RLIN)
Nota local CONVERSION
Procedencia (VM) [OBSOLETO] 10
Condición del los carretes individuales (VM) [OBSOLETO] 20130109
-- UCH01
-- 1314
650 14 - PUNTO DE ACCESO ADICIONAL DE MATERIA--TÉRMINO DE MATERIA
Término de materia o nombre geográfico como elemento de entrada Forrajes
Subdivisión general Valor nutritivo.
9 (RLIN) 42601
650 14 - PUNTO DE ACCESO ADICIONAL DE MATERIA--TÉRMINO DE MATERIA
Término de materia o nombre geográfico como elemento de entrada Ganado vacuno
Subdivisión general Alimentación.
9 (RLIN) 45429
700 0# - PUNTO DE ACCESO ADICIONAL--NOMBRE DE PERSONA
Nombre de persona Fraga Fernández Cuevas, María de Jesús.
9 (RLIN) 42841
901 ## - ELEMENTOS DE DATOS A LOCAL LDA (RLIN)
a BK
942 ## - ELEMENTOS DE PUNTO DE ACCESO ADICIONAL (KOHA)
Tipo de ítem Koha Libro
949 ## - PROCESAMIENTO DE INFORMACIÓN LOCAL (OCLC)
a 636.2084 I5Y 1981
b BC
c LIBRO
d 33724000096541
e LIBRO
f c.3
h 63153
i 29422
s i
t 3.68
949 ## - PROCESAMIENTO DE INFORMACIÓN LOCAL (OCLC)
a 636.2084 I5Y 1981
b BC
c LIBRO
d 33724000096558
e LIBRO
h 63151
i 29422
s i
t 3.68
949 ## - PROCESAMIENTO DE INFORMACIÓN LOCAL (OCLC)
a 636.2084 I5Y 1981
b BC
c LIBRO
d 33724000096566
e LIBRO
f c.2
h 63152
i 29422
s i
t 3.68
Holdings
Estado de retiro Estado de pérdida Fuente del sistema de clasificación o colocación Estado dañado Restricciones de uso No para préstamo Código de colección Localización permanente Ubicación/localización actual Ubicación en estantería Fecha de adquisición Información codificada de la localización en otra ubicación Total de préstamos Signatura topográfica completa Código de barras Fecha visto por última vez Número de copia Precio válido a partir de Tipo de ítem Koha
    Dewey Decimal Classification   Préstamo 15 días   General Biblioteca Central Biblioteca Central Planta principal - Colección General 31/12/2019 LIBRO   636.2084 I5Y 1981 33724000096541 31/12/2019 c.3 31/12/2019 Libro
    Dewey Decimal Classification   Préstamo 15 días   General Biblioteca Central Biblioteca Central Planta principal - Colección General 31/12/2019 LIBRO   636.2084 I5Y 1981 33724000096558 31/12/2019   31/12/2019 Libro
    Dewey Decimal Classification   Préstamo 15 días   General Biblioteca Central Biblioteca Central Planta principal - Colección General 31/12/2019 LIBRO   636.2084 I5Y 1981 33724000096566 31/12/2019 c.2 31/12/2019 Libro